| 000 | 00640cam a2200217 a 4500 | ||
|---|---|---|---|
| 003 | MX-MxUPN | ||
| 005 | 20241002133755.0 | ||
| 008 | 190604s2005 gw o r 000 0 spa d | ||
| 035 | _aUPN01000230938 | ||
| 040 |
_aMX-MxUPN _bspa |
||
| 041 | 0 | _aeng | |
| 050 | 4 |
_aL401 _bU54 2004 |
|
| 110 | 2 |
_aUnesco Institute for Education _953799 |
|
| 245 | 1 | 0 | _aAnnual report 2004 |
| 260 |
_aHamburg, Germany : _bUNESCO, Institute for Education , _c2005. |
||
| 300 |
_a28 páginas : _bfotografías |
||
| 610 | 2 | 4 |
_953800 _aUnesco Institute for Education _vInformes |
| 902 | _bVíctorGodínez/300924 | ||
| 942 |
_2lcc _cFOLL |
||
| 999 |
_c203033 _d203033 |
||